000 00435nam a22001697a 4500
003 MPLRDC
005 20220104114222.0
008 210129b ||||| |||| 00| 0 eng d
082 _a782.886 DYN
100 _a杨明堂
245 _a从无名英雄到有名英雄: 戴雨农先生的奋斗历程
_c
250 _a初版
260 _a
_b正中书局
_c1976
300 _b
650 _a戴雨农传记
942 _cBK
_o782.886 DYN
999 _c5761
_d5751